Vivir la fiesta : un desenfreno multimediado / (Record no. 64248)

MARC details
000 -LEADER
fixed length control field 00761cam a2200229 4500
005 - DATE AND TIME OF LATEST TRANSACTION
control field 20170330142618.0
008 - FIXED-LENGTH DATA ELEMENTS--GENERAL INFORMATION
fixed length control field 1994 mx spa
020 ## - INTERNATIONAL STANDARD BOOK NUMBER
International Standard Book Number 9688591327
050 #4 - LIBRARY OF CONGRESS CALL NUMBER
Classification number GR115
Item number I54 1994
050 04 - LIBRARY OF CONGRESS CALL NUMBER
Classification number GT4814.S25
Item number I54 1994
100 1# - MAIN ENTRY--PERSONAL NAME
Personal name Inestrosa, Sergio
245 #0 - TITLE STATEMENT
Title Vivir la fiesta : un desenfreno multimediado /
Statement of responsibility, etc Sergio Inestrosa.
250 ## - EDITION STATEMENT
Edition statement 1a ed.
260 ## - PUBLICATION, DISTRIBUTION, ETC. (IMPRINT)
Place of publication, distribution, etc México :
Name of publisher, distributor, etc Universidad Iberoamericana,
Date of publication, distribution, etc 1994
300 ## - PHYSICAL DESCRIPTION
Extent 124 p. ;
Dimensions 21 cm.
490 ## - SERIES STATEMENT
Series statement Estudios de Comunicación y Practicas Sociales ;
Volume number/sequential designation 1
500 ## - GENERAL NOTE
General note 1 ejemplar
505 ## - FORMATTED CONTENTS NOTE
Formatted contents note Proyecto FOMES 1999
650 #4 - SUBJECT ADDED ENTRY--TOPICAL TERM
Topical term or geographic name as entry element Festivales
General subdivision Mexico
-- San Andres Totoltepec
651 #4 - SUBJECT ADDED ENTRY--GEOGRAPHIC NAME
Geographic name San Andrés Totoltepec (México)
General subdivision Vida y costumbres religiosas
942 ## - ADDED ENTRY ELEMENTS (KOHA)
Source of classification or shelving scheme Biblioteca del Cogreso de los Estados Unidos
Koha item type Libro
Holdings
Estado de pérdida Fuente de clasificación Estado del daño No para préstamo Ubicación permanente Ubicación actual Apartado o colección Fecha de adquisición Edición Área del conocimiento Clasificación Código de Barras Date last seen Número de copia Tipo de recurso Dependencia de educación superior (DES) Total Checkouts Date checked out Nota pública
  Biblioteca del Cogreso de los Estados Unidos     Biblioteca del Departamento de Idiomas Biblioteca del Departamento de Idiomas Consulta 26/08/2016 1a Educación y Humanidades GT 4814 .S25 I54 1994 BDI000000795 26/08/2016 1 Libro        
  Biblioteca del Cogreso de los Estados Unidos     Biblioteca del Instituto de Investigaciones Históricas Biblioteca del Instituto de Investigaciones Históricas General 30/03/2017 1a ed. Educación y Humanidades GT4814.S25 I54 1994 IIH000015148 17/02/2026 C:1 Libro Humanidades 1 17/02/2026 GENERAL
  Biblioteca del Cogreso de los Estados Unidos     Biblioteca del Instituto de Investigaciones Históricas Biblioteca del Instituto de Investigaciones Históricas General 14/08/2018 1a ed. Ciencias Naturales y Exactas GR115 I54 1994 IIH000024135 14/08/2018 C:1 Libro Humanidades